| 000 | 00446nam a22001697a 4500 | ||
|---|---|---|---|
| 005 | 20251108172451.0 | ||
| 008 | 250721s9999 xx 000 0 ara d | ||
| 082 | 1 | 4 | _a63508/أحم |
| 100 | 1 | _aأحمد، محمد علي | |
| 245 | 1 | 0 | _aعيش الغراب وعالمة السحري / |
| 264 | 1 | _aالقاهرة : | |
| 300 | _a271ص. | ||
| 650 | 1 | 7 | _aالفطريات |
| 650 | 1 | 7 | _aعيش الغراب |
| 942 |
_2ddc _cBK |
||
| 999 |
_c80082 _d80082 |
||